<?xml version="1.0" encoding="UTF-8"?>
<record
    xmlns:xsi="http://www.w3.org/2001/XMLSchema-instance"
    xsi:schemaLocation="http://www.loc.gov/MARC21/slim http://www.loc.gov/standards/marcxml/schema/MARC21slim.xsd"
    xmlns="http://www.loc.gov/MARC21/slim">

  <leader>02918nam a22004457u 4500</leader>
  <controlfield tag="001">pwiiw7468</controlfield>
  <controlfield tag="003">OSt</controlfield>
  <controlfield tag="005">20260516120039.0</controlfield>
  <controlfield tag="008">251117t2025    au ||||| |||| 00| ||eng d</controlfield>
  <datafield tag="040" ind1=" " ind2=" ">
    <subfield code="c">OSt</subfield>
  </datafield>
  <datafield tag="041" ind1=" " ind2=" ">
    <subfield code="a">eng</subfield>
  </datafield>
  <datafield tag="084" ind1=" " ind2=" ">
    <subfield code="a">F02</subfield>
    <subfield code="a">F15</subfield>
    <subfield code="a">F55</subfield>
    <subfield code="a">P52</subfield>
    <subfield code="a">O52</subfield>
    <subfield code="2">jelc</subfield>
  </datafield>
  <datafield tag="100" ind1="1" ind2=" ">
    <subfield code="a">Grieveson, Richard</subfield>
  </datafield>
  <datafield tag="245" ind1="1" ind2="0">
    <subfield code="a">Another Round of EU Enlargement:  What are the economic and institutional must-haves for candidate countries to make accelerated enlargement possible?</subfield>
  </datafield>
  <datafield tag="260" ind1=" " ind2=" ">
    <subfield code="a">Wien :</subfield>
    <subfield code="b">Wiener Institut f&#xFC;r Internationale Wirtschaftsvergleiche (wiiw),</subfield>
    <subfield code="c">2025.</subfield>
  </datafield>
  <datafield tag="300" ind1=" " ind2=" ">
    <subfield code="a">104 S., </subfield>
    <subfield code="b">2 Tables and 63 Figures,</subfield>
    <subfield code="c">30cm.</subfield>
  </datafield>
  <datafield tag="490" ind1="1" ind2=" ">
    <subfield code="a">wiiw Policy Notes and Reports</subfield>
    <subfield code="v">102</subfield>
  </datafield>
  <datafield tag="520" ind1=" " ind2=" ">
    <subfield code="a">This study identifies the minimum economic and institutional conditions that candidate countries must meet to ensure macroeconomic stability, sustainable growth, and effective integration into the EU, under a politically accelerated enlargement process. In the area of external accounts, successful past accessions managed current account deficits through FDI into tradable sectors, while real effective exchange rate misalignments and FDI into non-tradables led to post-accession instability. Key reforms include building export capacity, targeting FDI to tradables, aligning wages with productivity, and reducing debt-financed imbalances. On fiscal policy, while fiscal discipline is essential, overly conservative approaches can hinder growth. Countries with high debt-to-GDP ratios at accession faced prolonged austerity. Reforms should focus on fiscal sustainability, growth-oriented spending, tax base expansion, and procurement transparency. Labour market challenges include depopulation, low productivity, and high poverty. Effective employment policies, migration strategies, regional equity, and education-labour market alignment are essential. Institutional quality remains a critical barrier. Weak rule of law, corruption, and governance backsliding threaten accession prospects and must be addressed before accession. The study concludes that a focused set of pre-accession &#x2018;must haves&#x2019; can guide enlargement, supported by adapted EU tools to mitigate risks and foster convergence.
</subfield>
  </datafield>
  <datafield tag="650" ind1=" " ind2=" ">
    <subfield code="a">EU Enlargement</subfield>
  </datafield>
  <datafield tag="650" ind1=" " ind2=" ">
    <subfield code="a">EU Accession</subfield>
  </datafield>
  <datafield tag="650" ind1=" " ind2=" ">
    <subfield code="a">Candidate Countries</subfield>
  </datafield>
  <datafield tag="650" ind1=" " ind2=" ">
    <subfield code="a">Ukraine</subfield>
  </datafield>
  <datafield tag="650" ind1=" " ind2=" ">
    <subfield code="a">Western Balkans</subfield>
  </datafield>
  <datafield tag="651" ind1=" " ind2=" ">
    <subfield code="a">Bulgaria</subfield>
  </datafield>
  <datafield tag="651" ind1=" " ind2=" ">
    <subfield code="a">Croatia</subfield>
  </datafield>
  <datafield tag="651" ind1=" " ind2=" ">
    <subfield code="a">Montenegro</subfield>
  </datafield>
  <datafield tag="651" ind1=" " ind2=" ">
    <subfield code="a">Romania</subfield>
  </datafield>
  <datafield tag="651" ind1=" " ind2=" ">
    <subfield code="a">Serbia</subfield>
  </datafield>
  <datafield tag="651" ind1=" " ind2=" ">
    <subfield code="a">Ukraine</subfield>
  </datafield>
  <datafield tag="690" ind1=" " ind2=" ">
    <subfield code="a">Macroeconomic Analysis and Policy</subfield>
  </datafield>
  <datafield tag="690" ind1=" " ind2=" ">
    <subfield code="a">Labour, Migration and Income Distribution</subfield>
  </datafield>
  <datafield tag="690" ind1=" " ind2=" ">
    <subfield code="a">International Trade, Competitiveness and FDI</subfield>
  </datafield>
  <datafield tag="700" ind1="1" ind2=" ">
    <subfield code="a">Gutzianas, Ioannis</subfield>
  </datafield>
  <datafield tag="700" ind1="1" ind2=" ">
    <subfield code="a">Jovanovi&#x107;, Branimir</subfield>
  </datafield>
  <datafield tag="700" ind1="1" ind2=" ">
    <subfield code="a">Landesmann, Michael</subfield>
  </datafield>
  <datafield tag="700" ind1="1" ind2=" ">
    <subfield code="a">Pindyuk, Olga</subfield>
  </datafield>
  <datafield tag="830" ind1=" " ind2="0">
    <subfield code="v">102</subfield>
    <subfield code="w">WIIW0000092</subfield>
    <subfield code="t">wiiw Policy Notes and Reports</subfield>
  </datafield>
  <datafield tag="856" ind1="4" ind2="0">
    <subfield code="u">https://wiiw.ac.at/p-7468.html</subfield>
  </datafield>
  <datafield tag="942" ind1=" " ind2=" ">
    <subfield code="c">P</subfield>
  </datafield>
  <datafield tag="999" ind1=" " ind2=" ">
    <subfield code="c">9150</subfield>
    <subfield code="d">9150</subfield>
  </datafield>
  <datafield tag="952" ind1=" " ind2=" ">
    <subfield code="0">0</subfield>
    <subfield code="1">0</subfield>
    <subfield code="4">0</subfield>
    <subfield code="7">0</subfield>
    <subfield code="a">BIB</subfield>
    <subfield code="b">BIB</subfield>
    <subfield code="c">1</subfield>
    <subfield code="d">2025-11-17</subfield>
    <subfield code="i">pwiiw7468</subfield>
    <subfield code="l">0</subfield>
    <subfield code="o">102</subfield>
    <subfield code="p">1000010007468</subfield>
    <subfield code="r">2025-11-17 00:00:00</subfield>
    <subfield code="w">2025-11-17</subfield>
    <subfield code="y">P</subfield>
  </datafield>
</record>
